Nelson's 3-D Bible mapbook / (Record no. 10542)
[ view plain ]
| 000 -LEADER | |
|---|---|
| fixed length control field | 01225cem a2200385 a 4500 |
| 001 - CONTROL NUMBER | |
| control field | 5537220 |
| 003 - CONTROL NUMBER IDENTIFIER | |
| control field | OSt |
| 005 - DATE AND TIME OF LATEST TRANSACTION | |
| control field | 20210225122412.0 |
| 007 - PHYSICAL DESCRIPTION FIXED FIELD--GENERAL INFORMATION | |
| fixed length control field | ad|canzn |
| 008 - FIXED-LENGTH DATA ELEMENTS--GENERAL INFORMATION | |
| fixed length control field | 980313s1995 tnu e 1 eng |
| 010 ## - LIBRARY OF CONGRESS CONTROL NUMBER | |
| LC control number | 94045223 |
| 017 ## - COPYRIGHT OR LEGAL DEPOSIT NUMBER | |
| Copyright or legal deposit number | TX 4-708-408 |
| Assigning agency | U.S. Copyright Office |
| 020 ## - INTERNATIONAL STANDARD BOOK NUMBER | |
| International Standard Book Number | 0840719647 (pbk.) |
| 034 0# - CODED CARTOGRAPHIC MATHEMATICAL DATA | |
| Category of scale | a |
| 040 ## - CATALOGING SOURCE | |
| Original cataloging agency | DLC |
| Transcribing agency | DLC |
| Modifying agency | DLC |
| 050 00 - LIBRARY OF CONGRESS CALL NUMBER | |
| Classification number | G2230 |
| Item number | J52N |
| 052 ## - GEOGRAPHIC CLASSIFICATION | |
| Geographic classification area code | 7480 |
| 082 00 - DEWEY DECIMAL CLASSIFICATION NUMBER | |
| Classification number | 220.91/022/3 |
| Edition number | 21 |
| Item number | J52N |
| 100 1# - MAIN ENTRY--PERSONAL NAME | |
| Personal name | Jenkins, Simon, |
| Dates associated with a name | 1954- |
| 245 10 - TITLE STATEMENT | |
| Title | Nelson's 3-D Bible mapbook / |
| Statement of responsibility, etc. | Simon Jenkins. |
| 255 ## - CARTOGRAPHIC MATHEMATICAL DATA | |
| Statement of scale | Scales differ. |
| 260 ## - PUBLICATION, DISTRIBUTION, ETC. | |
| Place of publication, distribution, etc. | [Nashville, Tenn.] : |
| Name of publisher, distributor, etc. | T. Nelson, |
| Date of publication, distribution, etc. | 1995. |
| 300 ## - PHYSICAL DESCRIPTION | |
| Extent | 1 atlas (128 p.) : |
| Other physical details | col. ill. ; |
| Dimensions | 21 cm. |
| 500 ## - GENERAL NOTE | |
| General note | Includes index. |
| 630 00 - SUBJECT ADDED ENTRY--UNIFORM TITLE | |
| Uniform title | Bible |
| General subdivision | Geography |
| -- | Maps. |
| 630 00 - SUBJECT ADDED ENTRY--UNIFORM TITLE | |
| Uniform title | Bible |
| General subdivision | History of Biblical events |
| -- | Maps. |
| 740 0# - ADDED ENTRY--UNCONTROLLED RELATED/ANALYTICAL TITLE | |
| Uncontrolled related/analytical title | Nelson's three-D Bible mapbook |
| 740 0# - ADDED ENTRY--UNCONTROLLED RELATED/ANALYTICAL TITLE | |
| Uncontrolled related/analytical title | 3-D Bible mapbook. |
| 740 0# - ADDED ENTRY--UNCONTROLLED RELATED/ANALYTICAL TITLE | |
| Uncontrolled related/analytical title | Bible mapbook. |
| 856 42 - ELECTRONIC LOCATION AND ACCESS | |
| Materials specified | Publisher description |
| Uniform Resource Identifier | <a href="http://www.loc.gov/catdir/enhancements/fy0609/94045223-d.html">http://www.loc.gov/catdir/enhancements/fy0609/94045223-d.html</a> |
| 906 ## - LOCAL DATA ELEMENT F, LDF (RLIN) | |
| a | 7 |
| b | cbc |
| c | origcop |
| d | u |
| e | ocip |
| f | 19 |
| g | y-geogmaps |
| 942 ## - ADDED ENTRY ELEMENTS (KOHA) | |
| Source of classification or shelving scheme | Dewey Decimal Classification |
| Koha item type | Books |
| Withdrawn status | Lost status | Source of classification or shelving scheme | Damaged status | Not for loan | Collection code | Home library | Current library | Shelving location | Date acquired | Total Checkouts | Full call number | Barcode | Date last seen | Price effective from | Koha item type |
|---|---|---|---|---|---|---|---|---|---|---|---|---|---|---|---|
| Dewey Decimal Classification | Not For Loan | Reference | Harvest Mission College | Harvest Mission College | Reference | 02.03.2021 | REF 220.91 J52N | 012175 | 02.03.2021 | 02.03.2021 | Reference |
